ADI: AYLİN (Record no. 979455)
[ view plain ]
| 000 -LEADER | |
|---|---|
| sabit uzunluktaki kontrol alanı | 00236nam a2200097Ia 4500 |
| 001 - KONTROL NUMARASI | |
| kontrol alanı | 979455 |
| 005 - EN SON İŞLEMİN TARİH VE ZAMANI | |
| kontrol alanı | 20250826220807.0 |
| 008 - SABİT-UZUNLUKTA VERİ ÖĞELERİ--GENEL BİLGİ | |
| sabit uzunluktaki kontrol alanı | 250824s9999 xx 000 0 und d |
| 245 #0 - ESER / YAZAR | |
| ESER ADI | ADI: AYLİN |
| Yazar Adı | AYŞE KULİN |
| 260 ## - YAYIN, DAĞITIM, VB. | |
| YAYIN EVİ | Everest Yayınları |
No items available.